|
|
|
|
| LEADER |
01491nam a22003737a 4500 |
| 001 |
40424 |
| 003 |
BD-DhAAL |
| 005 |
20230226125818.0 |
| 008 |
230226r20072006ii 000 1 ben d |
| 010 |
|
|
|a 2006347426
|
| 020 |
|
|
|a 8177565729
|
| 020 |
|
|
|a 9788177565720
|
| 025 |
|
|
|a I-B-2006-347426; 11
|
| 037 |
|
|
|b Library of Congress -- New Delhi Overseas Office
|c Rs300.00
|
| 040 |
|
|
|a DLC
|c DLC
|d BD-DhAAL
|
| 041 |
|
|
|a ben
|
| 042 |
|
|
|a lcode
|
| 050 |
0 |
0 |
|a MLCMA 2006/00272 (P)
|a PK1730.37.E5343
|
| 082 |
|
|
|a 891.443
|2 23
|
| 100 |
1 |
|
|a সেনগুপ্ত, মিহির
|9 53736
|
| 245 |
1 |
0 |
|a উজান খালের সোঁতা /
|c মিহির সেনগুপ্ত.
|
| 250 |
|
|
|a প্রথম সংস্করণ দ্বিতীয় মুদ্রণ
|
| 260 |
|
|
|a কলকাতা :
|b আনন্দ,
|c ২০০৬ [দ্বিতীয় মুদ্রণ ২০০৭].
|
| 300 |
|
|
|a ৫৫৯ পৃষ্ঠা ;
|c ২৪ সে.মি.
|
| 500 |
|
|
|a Fiction.
|
| 541 |
|
|
|a Donated By Akbar Ali Khan
|e 40424
|
| 546 |
|
|
|a In Bengali.
|
| 650 |
|
|
|a Bengali fiction.
|
| 650 |
|
|
|a Bengali literature.
|
| 852 |
|
|
|a Ayesha Abed Library
|c Akbar Ali Khan Collection
|
| 942 |
|
|
|2 ddc
|c BK
|
| 955 |
|
|
|a wd35 2006-04-18 to Asian
|
| 999 |
|
|
|c 45525
|d 45525
|
| 952 |
|
|
|0 0
|1 0
|2 ddc
|4 0
|6 891_443000000000000_SEN
|7 1
|9 73288
|a BRACUL
|b BRACUL
|c AAKC
|d 2023-02-26
|e Donated By Akbar Ali Khan
|g 300.00
|l 0
|o 891.443 SEN
|p 3010040424
|r 2023-02-26
|t 1
|w 2023-02-26
|y BK
|